00960nam a2200217 a 450000100100000000500170001000800410002704000250006808200160009311000720010924500460018126000370022730000240026449000690028850400270035770000310038483000760041595201140049195201200060599900170072500002983620200930055838.0110415s2003 dr 000 0 spa d aDO-SdBNPbspacBNPHU axxxbC3978a2 aCentro Nacional de Investigaciones en Salud Materno Infantil95575710aHematohidrosis /ceditor Hugo R. Mendoza. aSanto Domingo :bCENISMI,c2003. avi, 16 p. ;c28 cm.1 aInvestigaciones clínicasaestudios aplicados a la clínicav3 aBibliografía : p. 141 aMendoza, Hugo R.eed96390 0aInvestigaciones clínicaspestudios aplicados a la clínicav3956464 0010718PDaPDbPDcCTd2011-04-26iLF1l0oxxx C3978ap29836-10r2020-06-25w2020-06-25yLFPDZNo se presta 0010718PDaPDbPDcCTd2011-04-26iLF1l0oxxx C3978ap29836-20r2020-06-25te. 2w2020-06-25yLFPDZNo se presta c29328d29328